header

Secret suppressed II (Record no. 67454)

MARC details
000 -LEADER
fixed length control field 01216nam a2200301Ia 4500
245 00 - TITLE STATEMENT
Title Secret suppressed II
260 ## - PUBLICATION, DISTRIBUTION, ETC. (IMPRINT)
Place of publication Port Townsend, WA :
Name of publisher Feral House,
Year of publication c2008.
300 ## - PHYSICAL DESCRIPTION
Number of Pages 277 p., [8] p.
650 #0 - SUBJECT ADDED ENTRY--TOPICAL TERM
Topical Term Secret societies
Topical Term Conspiracies.
700 1# - ADDED ENTRY--PERSONAL NAME
Personal name Parfrey, Adam,
Personal name Thomas, Kenn,
856 40 - ELECTRONIC LOCATION AND ACCESS
Uniform Resource Identifier http://site.ebrary.com/lib/rucke/Doc?id=10330811

No items available.

© 2026 Rongo University
Contact us: librarian | system librarian | Rongo university